[Event "Bogota Avenida Chile op 6th"]
[Site "Bogota"]
[Date "2025.07.20"]
[Round "5"]
[White "Duque Pinzon, Manuel Santiago"]
[Black "Segura Bejarano, Fabio"]
[Result "1-0"]
[WhiteElo "2042"]
[BlackElo "1819"]
[PlyCount "49"]
[EventDate "2025.07.20"]
[EventType "swiss (rapid)"]
[EventRounds "7"]
[EventCountry "COL"]
[SourceTitle "CB30_2025"]
[SourceDate "2025.07.23"]
[SourceVersion "1"]
[SourceVersionDate "2025.07.23"]
[SourceQuality "1"]

1. d4 g6 2. e4 Bg7 3. Nc3 d6 4. f4 Nf6 5. Nf3 0-0 6. e5 dxe5 7. fxe5 Nd5 8. Bc4 Nxc3 9. bxc3 Bg4 10. h3 Bxf3 11. Qxf3 Nc6 12. 0-0 e6 13. Ba3 Ne7 14. Qxb7 Re8 15. Qf3 Nf5 16. Bb5 Qh4 17. Bxe8 Rxe8 18. Qc6 Rd8 19. Qxc7 Bh6 20. Rxf5 gxf5 21. Be7 Be3+ 22. Kh1 Qg3 23. Qxd8+ Kg7 24. Qf8+ Kg6 25. Qg8+ 1-0

[Event "Bogota Avenida Chile op 5th"]
[Site "Bogota"]
[Date "2025.06.15"]
[Round "1"]
[White "Martinez Russi, Tygua Lautaro"]
[Black "Segura Bejarano, Fabio"]
[Result "0-1"]
[WhiteElo "1444"]
[BlackElo "1778"]
[PlyCount "68"]
[EventDate "2025.06.15"]
[EventType "swiss (rapid)"]
[EventRounds "7"]
[EventCountry "COL"]
[SourceTitle "CB25_2025"]
[SourceDate "2025.06.18"]
[SourceVersion "1"]
[SourceVersionDate "2025.06.18"]
[SourceQuality "1"]

1. d4 d5 2. c4 Nf6 3. Nc3 e6 4. cxd5 Nxd5 5. Nxd5 Qxd5 6. Nf3 Nc6 7. Bf4 Bb4+ 8. Nd2 Nxd4 9. e3 Nc6 10. e4 Qa5 11. a3 Bd6 12. Bxd6 cxd6 13. Bc4 Ne5 14. Ba2 Nd3+ 15. Ke2 Nf4+ 16. Ke1 b6 17. b4 Qa6 18. a4 Nd3+ 19. Ke2 Nb2+ 20. Ke1 Nxd1 21. Kxd1 0-0 22. Bb3 d5 23. b5 Qb7 24. e5 d4 25. Nf3 Qe4 26. Bc2 d3 27. Nd2 dxc2+ 28. Kc1 Qxg2 29. Kxc2 Bb7 30. Rhd1 Rac8+ 31. Kb2 Qxf2 32. a5 Qd4+ 33. Ka2 Rc2+ 34. Kb1 Qb2# 0-1

[Event "Bogota Avenida Chile op 5th"]
[Site "Bogota"]
[Date "2025.06.15"]
[Round "6"]
[White "Obando Guzman, Soren Federico"]
[Black "Segura Bejarano, Fabio"]
[Result "1-0"]
[WhiteElo "2187"]
[BlackElo "1778"]
[PlyCount "73"]
[EventDate "2025.06.15"]
[EventType "swiss (rapid)"]
[EventRounds "7"]
[EventCountry "COL"]
[SourceTitle "CB25_2025"]
[SourceDate "2025.06.18"]
[SourceVersion "1"]
[SourceVersionDate "2025.06.18"]
[SourceQuality "1"]

1. Nf3 g6 2. g3 Bg7 3. Bg2 c6 4. 0-0 Nf6 5. c4 d6 6. d4 0-0 7. Nc3 a6 8. h3 Bd7 9. e4 Qc8 10. Kh2 Re8 11. e5 dxe5 12. dxe5 Nh5 13. g4 Bxg4 14. hxg4 Qxg4 15. Qe2 Nd7 16. Bh3 Nf4 17. Bxg4 Nxe2 18. Bxd7 Red8 19. Nxe2 Rxd7 20. Be3 f6 21. Rad1 Rc7 22. Bb6 Rcc8 23. Rd7 fxe5 24. Ng3 Rf8 25. Kg2 e4 26. Nxe4 Bxb2 27. Rxe7 Rf4 28. Rh1 Raf8 29. Rh3 h6 30. Nd4 h5 31. Rg3 Rg4 32. Rxg4 hxg4 33. Ne6 Rf5 34. N4g5 Ba3 35. Rg7+ Kh8 36. Bd4 c5 37. Rh7+ 1-0

[Event "Bogota Avenida Chile op 5th"]
[Site "Bogota"]
[Date "2025.06.15"]
[Round "4"]
[White "Segura Bejarano, Fabio"]
[Black "Chaucanes, Lina Marcela"]
[Result "1-0"]
[WhiteElo "1778"]
[BlackElo "1905"]
[PlyCount "182"]
[EventDate "2025.06.15"]
[EventType "swiss (rapid)"]
[EventRounds "7"]
[EventCountry "COL"]
[SourceTitle "CB25_2025"]
[SourceDate "2025.06.18"]
[SourceVersion "1"]
[SourceVersionDate "2025.06.18"]
[SourceQuality "1"]

1. b3 e6 2. Bb2 Nf6 3. e3 d5 4. Nf3 c5 5. Bb5+ Bd7 6. Bxd7+ Nbxd7 7. Qe2 Bd6 8. h3 a6 9. Nc3 b5 10. 0-0 0-0 11. d3 b4 12. Na4 Qc7 13. e4 d4 14. Rae1 e5 15. Bc1 Nb6 16. Nxb6 Qxb6 17. Bg5 Nd7 18. Nh2 f5 19. exf5 Rxf5 20. Qe4 Raf8 21. Bh4 Kh8 22. Bg3 Qc7 23. Nf3 Rh5 24. Qe2 Rhf5 25. Nh4 Rg5 26. Qd2 Qd8 27. Nf3 Rh5 28. Qe2 Rhf5 29. Nh2 Qg5 30. Nf3 Qh5 31. Nh4 Qxe2 32. Rxe2 R5f7 33. Nf3 Re8 34. Ng5 Rfe7 35. Ne4 Bb8 36. f3 Kg8 37. a3 a5 38. axb4 cxb4 39. Ra1 Bc7 40. Nd2 Nf6 41. Nc4 Nd5 42. Be1 Nf4 43. Re4 Nd5 44. Ra4 Nc3 45. Bxc3 dxc3 46. Kf2 Re6 47. Kg3 Ra8 48. Kh2 Kf7 49. g3 Kf6 50. Ne3 Rd8 51. Ng4+ Kf7 52. Ne3 Rd4 53. Nc4 Rd5 54. Kg2 g5 55. g4 Rf6 56. Ne3 Rd4 57. Nf5 Rxe4 58. fxe4 Bb6 59. Kf3 Rc6 60. Ra1 Rf6 61. Ke2 Kg6 62. Ne7+ Kf7 63. Nf5 Ke6 64. Rh1 Kd7 65. h4 h6 66. hxg5 hxg5 67. Rh7+ Kc6 68. Rg7 Kb5 69. Rxg5 a4 70. bxa4+ Kxa4 71. Ne3 Bxe3 72. Kxe3 b3 73. cxb3+ Kxb3 74. Rxe5 Rc6 75. Rb5+ Ka2 76. Ra5+ Kb2 77. Rb5+ Kc1 78. d4 c2 79. Ke2 Rh6 80. d5 Rh2+ 81. Kd3 Kd1 82. Rc5 Rh3+ 83. Kd4 Rg3 84. d6 Rxg4 85. Kd5 c1Q 86. Rxc1+ Kxc1 87. d7 Rg1 88. e5 Kc2 89. e6 Rd1+ 90. Kc6 Kb3 91. e7 Kc2 1-0

[Event "Bogota Avenida Chile op 5th"]
[Site "Bogota"]
[Date "2025.06.15"]
[Round "5"]
[White "Segura Bejarano, Fabio"]
[Black "Vargas Diaz, David Alejandro"]
[Result "1-0"]
[WhiteElo "1778"]
[BlackElo "1956"]
[PlyCount "122"]
[EventDate "2025.06.15"]
[EventType "swiss (rapid)"]
[EventRounds "7"]
[EventCountry "COL"]
[SourceTitle "CB25_2025"]
[SourceDate "2025.06.18"]
[SourceVersion "1"]
[SourceVersionDate "2025.06.18"]
[SourceQuality "1"]

1. b3 c5 2. Bb2 e6 3. e3 a6 4. Nc3 d5 5. Nf3 Nc6 6. Be2 e5 7. 0-0 Nf6 8. d4 e4 9. Ne5 cxd4 10. Nxc6 bxc6 11. Qxd4 Bd6 12. f4 0-0 13. Na4 h5 14. Rad1 Qe7 15. c4 c5 16. Qc3 dxc4 17. Bxc4 Be6 18. Nb6 Rad8 19. Nd5 Bxd5 20. Bxd5 Bc7 21. Bc4 Rd6 22. Rxd6 Qxd6 23. g3 Rd8 24. Kg2 a5 25. Rf2 Qc6 26. h3 Qd7 27. a4 Bd6 28. Qxa5 Be7 29. Bxf6 gxf6 30. Qe1 f5 31. Qe2 h4 32. Qh5 hxg3 33. Qg6+ Kh8 34. Bxf7 Qd6 35. Qxd6 Rxd6 36. Kxg3 Rh6 37. Kg2 Rd6 38. Bc4 Bh4 39. Rc2 Be1 40. Be2 Rg6+ 41. Kf1 Bb4 42. a5 Kh7 43. a6 Rg7 44. Ra2 Ra7 45. Ra1 Kg6 46. Rd1 Kf6 47. Bc4 Rh7 48. Rd6+ Ke7 49. a7 Rh8 50. Re6+ Kd7 51. h4 Bd2 52. Kf2 Ra8 53. Rf6 Bc3 54. Rxf5 Kc7 55. h5 Kb6 56. Rf7 Rd8 57. h6 Rd2+ 58. Kg3 Ra2 59. h7 Be1+ 60. Kg4 Bc3 61. Kf5 Ra3 1-0